=LDR 00000nam 2200000 4500 =001 INLIS000000000050352 =005 20170502075600 =035 ##$$a 0010-0517000005 =007 ta =008 170502###########################0###### =020 ##$$a 978 - 602 - 6348 - 16 - 6 =082 ##$$a 634.97 =084 ##$$a 634.97 HAS h =100 #$$a Hasoyo, Bambang =245 1#$$a Hujan Rejeki dari Budaya Jati /$c Bambang Harsoyo =250 ##$$a Cet.1 =260 ##$$a Yogyakarta :$b Forest Publishing =300 ##$$a 108 hlm : $b Ilus ; $c 20, 5 cm. =650 ##$$a Pohon Jati =990 ##$$a 76217621 =990 ##$$a 76217621 =990 ##$$a 31700535 =990 ##$$a 02201707621 =990 ##$$a 31700536 =990 ##$$a 31700535